000 010780000a22002530004500
003 EG-GICUC
005 20250223030131.0
008 091111s1971 ua d f m 000 0 ara d
040 _aEG-GiCUC
_bara
_cEG-GiCUC
041 0 _aara
049 _aايداع
097 _aماجستير
099 _aCai01.02.07.M.A.1971.حش.ت
100 0 _aحشمت محمد على قاسم
245 1 2 _aالتوثيق العلمى و دوره فى خدمة البحث فى الجمهورية العربية المتحدة /
_cحشمت محمد على قاسم ؛ اشراف احمد انور عمر
260 _aالقاهرة :
_bحشمت محمد على قاسم :
_c1971
300 _a507ورقة+(2ورقة مطوية) :
_bرسوم بيانية ؛
_c30سم
502 _aاطروحة(ماجستير) - جامعة القاهرة - كلية الاداب - قسم المكتبات والوثائق
700 0 _aاحمد انور عمر :
_eمشرف
856 _uhttp://172.23.153.220/th.pdf
905 _aEnas
_eCataloger
905 _aMustafa
_eRevisor
942 _2ddc
_cTH
999 _c28281
_d28281